| 000 | 00557nam a2200181Ia 4500 | ||
|---|---|---|---|
| 003 | GCL | ||
| 008 | 140319s9999 xx 000 0 ara d | ||
| 040 |
_aGCL / _cGCL |
||
| 082 | 0 | 4 |
_a928.943 _bع ت |
| 100 | 1 | _aعباس محمود العقاد | |
| 245 | 1 | 0 |
_aتذكار جيتى / _cعباس محمود العقاد |
| 300 | _a224 | ||
| 490 |
_aالهيئة العامة للاستعلامات _v0 |
||
| 650 | 0 | 4 | _aالتراجم الذاتية |
| 650 | 0 | 4 | _aالرجال - تراجم |
| 650 | 0 | 4 | _aالادباء الالمانيون |
| 942 |
_2ddc _cBK |
||
| 999 |
_c50509 _d50509 |
||